01006nam a22002777a 45000010005000000030006000050050017000110080041000280200015000690400029000840500008001130820008001211000021001292450081001502600045002313000048002765050008003245200116003325210029004485210020004776500036004977000037005339420015005709990015005859520128006007407FISKH20250714094546.0250714b cb ||||| |||| 00| 0 eng d a1880892537 aFISKHbengcFISKHdFISKH aPZ7 a590 aNichols, Yuriko  aAll around the farm / cBy Yuriko Nichols : Illustrated by Michelle Mallard  aMelrose :bCommnon Sense Press , c1998. a46 pages :bcolor illustrations ;c20 cm .  aJ  aOne of six readers which accompany the second grade Learning Language Arts Through Literature program, Grade 2.8 a500 bLexile estimate 8 aJ bRaz-Plus  aHomeschoolvJuvenile Literature aMallard, Michelle eIllustrator  2ddccBKn0 c7407d7407 00102ddc40708JUVFa001b002cTTP Dark Blued2025-07-14l0oNIC PZ7 590pFISSE03374r2025-07-14 09:45:43w2025-07-14yBK